Who Played that Historical Person? - Statistics

General Stats
  • This quiz has been taken 41 times
    19 since last reset
  • The average score is 41 of 90
Answer Stats
Movie / TV Series Historical Person Actor / Actress % Correct
Gandhi Mahamta Gandhi Ben Kingsley
100%
Lincoln Abraham Lincoln Daniel Day-Lewis
93%
Capote Truman Capote Philip Seymour Hoffman
93%
Ali Muhammad Ali Will Smith
93%
Moneyball Billy Bean Brad Pitt
86%
Malcolm X Malcolm X Denzel Washington
86%
The Theory Of Everything Stephen Hawking Eddie Redmayne
86%
Darkest Hour Winston Churchill Gary Oldman
86%
Schindler's List Oskar Schindler Liam Neeson
86%
Evita Eva Peron Madonna
86%
Milk Harvey Milk Sean Penn
86%
Monster Aileen Wuornos Charlize Theron
79%
Ray Ray Charles Jamie Foxx
79%
The Iron Lady Margaret Thatcher Meryl Streep
79%
Invictus Nelson Mandela Morgan Freeman
79%
Apollo 13 Jim Lovell Tom Hanks
79%
Seprico Frank Serpico Al Pacino
71%
Oppenheimer J. Robert Oppenheimer Cillian Murphy
71%
The King's Speech King George VI Colin Firth
71%
The Queen Queen Elizabeth II Helen Mirren
71%
Selena Selena Quintanilla Jennifer Lopez
71%
The Social Network Mark Zuckerberg Jesse Eisenberg
71%
I, Tonya Toyna Harding Margot Robbie
71%
Lawrence of Arabia T. E. Lawrence Peter O'Toole
71%
Bohemian Rhapsody Freddie Mercury Rami Malek
71%
Chaplin Charlie Chaplin Robert Downey Jr.
71%
Battle of the Sexes Billie Jean King Emma Stone
64%
The Last King of Scotland Idi Amin Forest Whitaker
64%
Walk the Line Johnny Cash Joaquin Phoenix
64%
Invictus Francois Pienaar Matt Damon
64%
Walk the Line June Carter Cash Reese Witherspoon
64%
The Untouchables Al Capone Robert De Niro
64%
Hitchcock Alfred Hitchcock Anthony Hopkins
57%
The Aviator Katharine Hepburn Cate Blanchett
57%
Man on the Moon Andy Kaufman Jim Carrey
57%
Rocketman Elton John Taron Egerton
57%
Jobs Steve Jobs Ashton Kutcher
50%
Shakespeare in Love Queen Elizabeth I Judy Dench
50%
Jackie Jackie Kennedy Natalie Portman
50%
Frida Frida Cahlo Salma Hayek
50%
What's Love Got to Do with It Tina Turner Angela Bassett
43%
Alexander Alexander the Great Colin Farrell
43%
Black Mass Whitey Bulger Johnny Depp
43%
J. Edgar J. Edgar Hoover Leonardo DiCaprio
43%
Amadeus Wolfgang Amadeus Mozart Tom Hulce
43%
The Doors Jim Morrison Val Kilmer
43%
Midnight in Paris Salvador Dali Adien Brody
36%
Gia Gua Carangi Angelina Jolie
36%
Che Che Guevara Benicio Del Toro
36%
Rush James Hunt Chris Hemsworth
36%
Great Balls of Fire! Jerry Lee Lewis Dennis Quaid
36%
Amelia Amelia Earhart Hilary Swank
36%
La Vie en rose Edith Piaf Marion Cotillard
36%
Gettysburg Robert E. Lee Martin Sheen
36%
The Hours Virginia Woolf Nicole Kidman
36%
The Invisible Woman Charles Dickens Ralph Fiennes
36%
Judy Judy Garland Renee Zellweger
36%
First Man Neil Armstrong Ryan Gosling
36%
The Crown (TV) Queen Elizabeth II Claire Foy / Olivia Colman / Imelda Staunton
29%
Rush Niki Lauda Daniel Brühl
29%
Narcos: Mexico (TV) Angel Felix Gallardo Diego Luna
29%
Pollock Jackson Pollock Ed Harris
29%
Genius (TV) Albert Einstein Geoffrey Rush
29%
1492: Conquest of Paradise Christopher Columbus Gerard Depardieu
29%
The Babe Babe Ruth John Goodman
29%
Shakespeare in Love William Shakespeare Joseph Fiennes
29%
Lust for Life Vincent Van Gogh Kirk Douglas
29%
My Week With Marilyn Marilyn Monroe Michelle Williams
29%
Downfall Adolf Hitler Bruno Ganz
21%
James Dean James Dean James Franco
21%
The Raven Edgar Allan Poe John Cusack
21%
Mary Queen of Scots Mary I of Scotland Saoirse Ronan
21%
Borg vs McEnroe John McEnroe Shia LaBeouf
21%
At Eternity's Gate Vincent Van Gogh Willem Defoe
21%
Genius (TV) Pablo Picasso Antonio Banderas
14%
Ned Kelly Ned Kelly Heath Ledger
14%
John Adams John Adams Paul Giamatti
14%
Wilde Oscar Wilde Stephen Fry
14%
Narcos (TV) Pablo Escobar Wagner Moura
14%
Coco Coco Before Chanel Audrey Tautou
7%
Get On Up James Brown Chadwick Boseman
7%
Truman Harry S. Truman Gary Sinise
7%
Factory Girl Andy Warhol Guy Pearce
7%
The Two Popes Pope Francis Jonathan Pryce
7%
Liz & Dick Elizabeth Taylor Lindsay Lohan
7%
Vice George W. Bush Sam Rockwell
7%
Liz: The Elizabeth Taylor Story Elizabeth Taylor Sherilyn Fenn
7%
All is by My Side Jimi Hendrix Andre Benjamin
0%
Frost/Nixon Richard Nixon Frank Langella
0%
The Notorious Bettie Page Bettie Page Gretchen Mol
0%
No matching quizzes found
Score Distribution
Percent of People with Each Score
Percentile by Number Answered
Your Score History
You have not taken this quiz since the last reset